Ταξίδι στη Μύκονο : μυθιστόρημα

Saved in:
Bibliographic Details
Main Author: Μαρής, Γιάννης, 1916-1979
Format: Book
Language:Greek
Published: Αθήνα : Περγαμηνή, 1971.
Series:Βιβλία του Γιάννη Μαρή
Subjects:
Tags: Add Tag
No Tags, Be the first to tag this record!

MARC

LEADER 00000nam a2200000 a 4500
001 1/127012
008 230713s1971####gr | ||| |||| ||gre||
040 |a GR-MyUa  |b gre  |c GR-MyUa  |e AACR2 
041 0 |a gre 
082 7 |a 889.3   |2 (23) 
100 1 |a Μαρής, Γιάννης,   |d 1916-1979. 
245 1 0 |a Ταξίδι στη Μύκονο :   |b μυθιστόρημα /   |c Γιάννη Μαρή. 
260 |a Αθήνα :   |b Περγαμηνή,   |c 1971. 
300 |a 174 σ. ;   |c 17 εκ. 
490 1 |a (Βιβλία του Γιάννη Μαρή) 
650 0 |a Greek fiction. 
830 0 |a Βιβλία του Γιάννη Μαρή 
852 |a INST  |b SYROS  |c KYK  |e 20230712  |h 889.3 ΜΑΡ  |p 005500016053  |q 005500016053  |t BK  |y 0 
970 |a Κοντού  |b Παρασκευή  |z 13/07/2023